Регионална библиотека "Любен Каравелов" - Русе

Банкер на дявола (Запис номер 51776)

MARC детайли
000 -Лидер
Контролно поле с фиксирана дължина 01277nam a2200325 c 4500
003 - Код на организацията, давaща контролен номер
Контролно поле BLK
005 - Дата и час на последна редакция
Контролно поле 20231103005130.0
008 - Елементи от данни с фиксирана дължина
fixed length control field 180408b bul|||||r ||||||| ||bul||
010 ## - Наследен системен номер
LC control number KNG00055691000
020 ## - Международен стандартен номер на книга ISBN
Международен стандартен номер на книга ISBN 954-26-0319-3
-- издат.: Хермес
040 ## - Източник на каталожния запис
Идентификатор на билиотеката - собственик на записа BLK
041 ## - Код за език
Код за езика на текст/звукозапис или на отделно заглавие Български
Код за езика КДБФ Български
080 ## - УДК
Текстов определител УДК Американска литература (на САЩ)
УДК код - определител по УДК 821.111(73)
УДК определител -312.4
УДК - код + определител 821.111(73)-312.4
100 1# - Редна дума - Автор
Автор Райх, Кристофър
Авторска отговорност първи автор
R(LIN) 274980
139 ## - Редно поле
Редна дума Райх, Кристофър
Авторски знак Раич - Р 29
245 10 - Сведения за заглавието
Заглавие Банкер на дявола
Подзаглавни данни Роман
Редно поле (дума) Кристофър Райх; прев. от англ. Огнян Иванов Алтънчев.
257 ## - Страна на издаване
Страна на създаване/издаване Съединени американски щати
260 ## - Област на издателските данни
-- Пловдив
Име на издателя, разпространителя и проч. Хермес
Година на издаване 2005
Печатница Хасково : Полиграфюг
300 ## - Физическа характеристика
Страници 398 с.
Размери/Мащаб 21 см
380 ## - Жанр
Жанр Худож. лит.
490 1# - СЕРИИ (Колекции)
Име на серия Мегаселър
500 ## - Общи забележки
Забележка Ориг. загл. The Devil's Banker / Chistopher Reich. - Офс. изд.
700 ## - Други автори (авторска отговорност)
Лично име Алтънчев, Огнян Иванов
Дати, свързани с автора 1949-
9 (RLIN) 365196
852 ## - Местоположение
Форматна сигнатура Цб 224900
856 4# - Електронен адрес и достъп
Електронен формат pdf - файл
Път до файла /url/
856 4# - Електронен адрес и достъп
Електронен формат pdf - файл
Път до файла /url/
942 ## - АРТИКУЛИ
Вид на библиотечния материал Книги
Скрит в OPAC Не
944 ## - СЪЗДАВАНЕ И РЕДАКЦИЯ на ЗАПИСА
Създаване/Редакция Създаване
Дата на регистрацията/редакция 05.10.2005
Служител, извършил регистрацията/редакцията
Статус, дата на статуса CRON CRON
944 ## - СЪЗДАВАНЕ И РЕДАКЦИЯ на ЗАПИСА
Създаване/Редакция Редакция
Дата на регистрацията/редакция 14.09.2015
Служител, извършил регистрацията/редакцията Виолета_Тройчева
999 ## - СИСТЕМНИ КОНТРОЛНИ НОМЕРА
Koha biblionumber 51776
Koha biblioitemnumber 51776
Наличности
Код за отписване Код за изгубен артикул Код за повреда Коз за рестрикции Код за отдаване Артикулен № Име на библиотеката - собственик Име на библиотеката, в която се намира в момента Статус (Текущо местоположение) Дата на вписване в системата Местоположение - отдел Цена в лева Инвентарен номер Систематично азбучна сигнатура Баркод Номер на екземпляра Цена в евро Служебна бележка Служебен тип на артикула Бележка за публиката Източник на класификационната схема
Изтеглен Не е изгубен Не е повреден без рестрикции заемане за дома 81605 Регионална библиотека "Любен Каравелов" Русе Регионална библиотека "Любен Каравелов" Русе   2005-10-05 Заемна - подръчен фонд 8.95 120000697042 П 820(73)-31/Р 29 120000697042 1 4.58 Дост: Pk Вид: Ф N: 10 Дата: 05.10.2005 Книги Отч.N: 20/2018 , Дата: 26.03.2018  
Изтеглен Не е изгубен Не е повреден без рестрикции заемане за дома 81606 Регионална библиотека "Любен Каравелов" Русе Регионална библиотека "Любен Каравелов" Русе Заемна - подръчен фонд 2006-07-28 Заемна - подръчен фонд 8.99 120000703957 П 820(73)-31/Р 29 120000703957 2 4.60 Дост: Pk Вид: Ф N: 42650 Дата: 26.07.2006 Книги   Universal Decimal Classification
  Не е изгубен Не е повреден без рестрикции ползва се в читалня 81607 Регионална библиотека "Любен Каравелов" Русе Регионална библиотека "Любен Каравелов" Русе Хранилище 2007-02-08 Хранилище 8.95 120000709455 Цб 224900 120000709455 3 4.58 Дост: Dp Вид: Д N: 13 Дата: 08.03.2006 Книги    
Vip Innovations Ltd, Rousse, Bulgaria 2025